| 000 | 00649nam a2200217 a 4500 | ||
|---|---|---|---|
| 003 | DO-SdBNP | ||
| 005 | 20240311204354.0 | ||
| 007 | ta | ||
| 008 | 110518s1981 dr 000 0 spa d | ||
| 040 |
_aDO-SdBNP _bspa _cBNPHU |
||
| 082 |
_axxx _bI59c |
||
| 110 | 2 |
_aInstituto de Capacitación Tributaria (República Dominicana) _973226 |
|
| 245 | 1 | 0 |
_aTesorería Nacional : _cbase legal. / |
| 260 |
_aSanto Domingo : _bInstituto de Capacitación Tributaria, _c1981. |
||
| 300 |
_a147 p. ; _c21 cm. |
||
| 490 | 1 |
_aLegislativa ; _v8 ; |
|
| 590 | _aInventariado 2022/ YL | ||
| 830 | 0 |
_aLegislativa _n8 _957112 |
|
| 910 | _aYLockward | ||
| 942 |
_2ddc _cLBS1 |
||
| 999 |
_c53078 _d53078 |
||